000 nam a22 7a 4500
999 _c8789
_d8789
008 180119b ||||| |||| 00| 0 eng d
100 _aNCERT
_95121
245 _aMathematics
260 _aNew Delhi
_bNCERT
_c2009